| 000 | 00739nam a2200253 a 4500 | ||
|---|---|---|---|
| 001 | 1401 | ||
| 003 | BR-CuiBMT | ||
| 005 | 20231206210419.0 | ||
| 008 | 231206s1993 rjba 000 0 por d | ||
| 040 |
_aBR-CuiBMT _cBR-CuiBMT |
||
| 080 |
_22007 _a338.1 _x(81) |
||
| 090 |
_a338.1(81) _bP467 |
||
| 245 | 1 |
_aPerspectivas da economia brasileira : _b1994. |
|
| 260 |
_aRio de Janeiro : _bIPEA, _c1993. |
||
| 300 |
_a460 p.: _bil. _c21 cm |
||
| 490 | _vV.1 | ||
| 504 | _aInclui bibliografia. | ||
| 650 | _aDesenvolvimento econômico | ||
| 650 | _aReforma financeira | ||
| 651 |
_aBrasil _xPolítica econômica |
||
| 651 |
_aBrasil _xCondições econômicas |
||
| 710 | _aIPEA - Instituto de Pesquisa Econômica Aplicada | ||
| 942 |
_2udc _cLV |
||
| 999 |
_c1401 _d1401 |
||